All WWE/WCW War Games Match Participants - Statistics

General Stats
  • This quiz has been taken 267 times
    113 since last reset
  • The average score is 107 of 209
Answer Stats
Hint Answer % Correct
WWE Survivor Series: War Games 2022 (Men's) Roman Reigns
89%
WCW Monday Nitro 2000 Booker T
87%
WCW Fall Brawl: War Games 1993 Kole
87%
WWE Survivor Series: War Games 2023 (Men's) Cody Rhodes
85%
WWE Survivor Series: War Games 2023 (Women's) Charlotte Flair
84%
WWE Survivor Series: War Games 2022 (Men's) | WWE Survivor Series: War Games 2023 (Men's) Jey Uso
84%
WWE Survivor Series: War Games 2022 (Men's) Jimmy Uso
84%
NXT Take Over: War Games III (Mens) | WWE Survivor Series: War Games 2022 (Men's) Kevin Owens
84%
NWA Great American Bash 1987 Night 1 | NWA Great American Bash 1987 Night 3 | WCW Fall Brawl: War Games 1996 | +2 others Ric Flair
84%
WWE Survivor Series: War Games 2022 (Men's) | WWE Survivor Series: War Games 2023 (Men's) Sami Zayn
84%
WCW Fall Brawl: War Games 1993 | WCW Fall Brawl: War Games 1994 | WCW WrestleWar 1992 Dustin Rhodes
83%
NWA Great American Bash 1987 Night 1 | NWA Great American Bash 1987 Night 3 | WCW Fall Brawl: War Games 1994 Dusty Rhodes
83%
WCW Fall Brawl: War Games 1996 | WCW Fall Brawl: War Games 1998 Hollywood Hogan
81%
WCW Fall Brawl: War Games 1995 Hulk Hogan
81%
WWE Survivor Series: War Games 2023 (Men's) Seth 'Freakin' Rollins
80%
WWE Survivor Series: War Games 2022 (Women's) | WWE Survivor Series: War Games 2023 (Women's) Becky Lynch
79%
WWE Survivor Series: War Games 2023 (Men's) Dominik Mysterio
79%
WWE Survivor Series: War Games 2023 (Men's) Finn Balor
79%
NXT Take Over: War Games III (Womens) | NXT Take Over: War Games IV (Womens) | WWE Survivor Series: War Games 2022 (Women's) Rhea Ripley
79%
NXT Take Over: War Games | NXT Take Over: War Games II | NXT Take Over: War Games III (Mens) | NXT Take Over: War Games IV (Mens) Adam Cole
76%
WWE Survivor Series: War Games 2022 (Women's) | WWE Survivor Series: War Games 2023 (Women's) Bayley
76%
WWE Survivor Series: War Games 2023 (Men's) Damian Priest
76%
NXT Take Over: War Games III (Womens) | NXT Take Over: War Games IV (Womens) | NXT War Games 2021 (Women's) Io Shirai
76%
WWE Survivor Series: War Games 2022 (Women's) | WWE Survivor Series: War Games 2023 (Women's) Iyo Sky
76%
WWE Survivor Series: War Games 2023 (Men's) Randy Orton
76%
WWE Survivor Series: War Games 2022 (Men's) Solo Sikoa
75%
WWE Survivor Series: War Games 2022 (Women's) | WWE Survivor Series: War Games 2023 (Women's) Asuka
72%
NXT Take Over: War Games III (Womens) | NXT Take Over: War Games IV (Womens) | NXT War Games 2021 (Women's) | WWE Survivor Series: War Games 2022 (Women's) Dakota Kai
72%
WCW Fall Brawl: War Games 1996 | WCW Fall Brawl: War Games 1997 | WCW Fall Brawl: War Games 1998 | WCW Monday Nitro 2000 Kevin Nash
72%
WCW Fall Brawl: War Games 1996 nWo Sting
72%
WCW Fall Brawl: War Games 1993 | WCW Fall Brawl: War Games 1995 | WCW Fall Brawl: War Games 1996 | +4 others Sting
72%
NXT Take Over: War Games III (Womens) | WWE Survivor Series: War Games 2022 (Women's) | WWE Survivor Series: War Games 2023 (Women's) Bianca Belair
71%
WWE Survivor Series: War Games 2022 (Men's) Butch
71%
WWE Survivor Series: War Games 2022 (Men's) | WWE Survivor Series: War Games 2023 (Men's) Drew McIntyre
71%
NXT Take Over: War Games II | NXT Take Over: War Games IV (Mens) | NXT War Games 2021 (Men's) Pete Dunne
71%
WCW Fall Brawl: War Games 1996 Scott Hall
71%
WWE Survivor Series: War Games 2022 (Men's) Sheamus
69%
NXT Take Over: War Games | NXT Take Over: War Games II | NXT Take Over: War Games III (Mens) | NXT Take Over: War Games IV (Mens) Bobby Fish
67%
NXT War Games 2021 (Men's) Johnny Gargano
67%
WWE Survivor Series: War Games 2023 (Women's) Kairi Sane
67%
NXT Take Over: War Games | NXT Take Over: War Games II | NXT Take Over: War Games III (Mens) | NXT Take Over: War Games IV (Mens) Roderick Strong
65%
WWE Survivor Series: War Games 2023 (Men's) JD McDonagh
63%
NXT Take Over: War Games III (Mens) Tomasso Ciampa
63%
NXT War Games 2021 (Men's) Tommaso Ciampa
63%
WCW Fall Brawl: War Games 1993 Kane
60%
NXT Take Over: War Games | NXT Take Over: War Games II | NXT Take Over: War Games III (Mens) | NXT Take Over: War Games IV (Mens) Kyle O'Reilly
60%
WCW Fall Brawl: War Games 1998 Stevie Ray
60%
NWA Great American Bash 1987 Night 1 | NWA Great American Bash 1987 Night 3 | WCW Fall Brawl: War Games 1994 | +2 others Arn Anderson
59%
WWE Survivor Series: War Games 2022 (Men's) Ridge Holland
59%
WCW Fall Brawl: War Games 1998 Bret Hart
57%
NXT Take Over: War Games III (Mens) Keith Lee
56%
WCW Fall Brawl: War Games 1995 Randy Savage
55%
WCW Monday Nitro 2000 Goldberg
53%
NWA Great American Bash 1987 Night 1 | NWA Great American Bash 1987 Night 3 | WCW Fall Brawl: War Games 1995 | +2 others Lex Luger
53%
WWE Survivor Series: War Games 2022 (Women's) Alexa Bliss
52%
NXT War Games 2021 (Men's) Carmelo Hayes
51%
NWA Great American Bash 1989 Michael Hayes
49%
WCW Fall Brawl: War Games 1997 Chris Benoit
48%
WCW Fall Brawl: War Games 1998 The Warrior
48%
WCW Fall Brawl: War Games 1998 Diamond Dallas Page
47%
NXT War Games 2021 (Men's) Bron Breakker
45%
NXT Take Over: War Games III (Womens) | NXT Take Over: War Games IV (Womens) Candice Lerae
45%
WCW Monday Nitro 2000 | WCW WrestleWar 1991 Scott Steiner
45%
WCW WrestleWar 1991 Rick Steiner
44%
NXT Take Over: War Games III (Womens) Shayna Baszler
44%
NWA Great American Bash 1987 Night 1 | NWA Great American Bash 1987 Night 3 Tully Blanchard
43%
WWE Survivor Series: War Games 2022 (Women's) Nikki Cross
41%
WWE Survivor Series: War Games 2023 (Women's) Shotzi
41%
NXT Take Over: War Games IV (Womens) Shotzi Blackheart
41%
WCW WrestleWar 1992 Steve Austin
41%
NXT Take Over: War Games III (Womens) Tegan Nox
39%
NWA Great American Bash 1987 Night 1 | NWA Great American Bash 1987 Night 3 | NWA Great American Bash 1989 Road Warrior Animal
37%
NWA Great American Bash 1987 Night 1 | NWA Great American Bash 1987 Night 3 | NWA Great American Bash 1989 Road Warrior Hawk
37%
NXT Take Over: War Games III (Mens) Dominik Dijakovic
36%
NXT Take Over: War Games III (Womens) | NXT War Games 2021 (Women's) Kay Lee Ray
36%
NXT War Games 2021 (Men's) LA Knight
36%
NXT War Games 2021 (Women's) Mandy Rose
35%
NXT Take Over: War Games IV (Mens) Pat McAfee
35%
NXT Take Over: War Games II Ricochet
35%
WCW Fall Brawl: War Games 1998 Roddy Piper
35%
NXT War Games 2021 (Men's) Grayson Waller
32%
WCW Monday Nitro 2000 Jeff Jarrett
32%
WCW WrestleWar 1992 Rick Rude
32%
WCW Fall Brawl: War Games 1993 Vader
32%
WCW WrestleWar 1991 Brian Pillman
31%
NXT Take Over: War Games IV (Womens) Ember Moon
31%
NXT Take Over: War Games Akam
29%
NXT Take Over: War Games Eric Young
29%
NXT Take Over: War Games IV (Womens) | NXT War Games 2021 (Women's) Raquel Gonzalez
29%
NXT Take Over: War Games Rezar
29%
WCW WrestleWar 1992 Ricky Steamboat
28%
NXT War Games 2021 (Men's) Tony D'Angelo
28%
NXT Take Over: War Games Alexander Wolfe
27%
WCW Fall Brawl: War Games 1997 Curt Hennig
27%
NXT War Games 2021 (Women's) Gigi Dolin
27%
NXT Take Over: War Games II Hanson
27%
NXT Take Over: War Games Killian Dain
27%
NXT War Games 2021 (Women's) Cora Jade
25%
NXT War Games 2021 (Women's) Jacy Jayne
25%
NXT Take Over: War Games II Rowe
25%
NXT Take Over: War Games IV (Womens) Toni Storm
25%
WCW WrestleWar 1991 | WCW WrestleWar 1992 Barry Windham
24%
WWE Survivor Series: War Games 2022 (Women's) Mia Yim
23%
NWA Great American Bash 1987 Night 1 | NWA Great American Bash 1987 Night 3 | WCW WrestleWar 1992 Nikita Koloff
23%
WCW Fall Brawl: War Games 1993 | WCW WrestleWar 1991 Sid Vicious
23%
NWA Great American Bash 1989 Steve Williams
23%
WCW Fall Brawl: War Games 1997 Buff Bagwell
21%
NWA Great American Bash 1989 Fatu
21%
WCW Fall Brawl: War Games 1997 Steve McMichael
21%
WCW Fall Brawl: War Games 1995 The Shark
21%
WCW Monday Nitro 2000 Vince Russo
21%
WCW Fall Brawl: War Games 1994 Brian Knobbs
20%
NXT Take Over: War Games IV (Mens) Danny Burch
20%
WCW Fall Brawl: War Games 1994 Jerry Sags
20%
NXT Take Over: War Games IV (Mens) Oney Lorcan
20%
NWA Great American Bash 1989 | WCW WrestleWar 1992 Bobby Eaton
19%
WCW Fall Brawl: War Games 1997 Konnan
19%
WCW Fall Brawl: War Games 1993 Davey Boy Smith
17%
WCW Fall Brawl: War Games 1995 Kamala
17%
WCW Fall Brawl: War Games 1994 Terry Funk
17%
WCW Monday Nitro 2000 Brian Adams
16%
NWA Great American Bash 1987 Night 1 James J. Dillon
16%
WCW Fall Brawl: War Games 1995 Meng
16%
NWA Great American Bash 1987 Night 1 | NWA Great American Bash 1987 Night 3 Paul Ellering
16%
WCW Fall Brawl: War Games 1997 Syxx
16%
NWA Great American Bash 1989 Jimmy Garvin
15%
NWA Great American Bash 1989 Stan Lane
15%
WCW Monday Nitro 2000 Bryan Clark
13%
NWA Great American Bash 1989 Terry Gordy
13%
WCW Fall Brawl: War Games 1995 The Zodiac
13%
NWA Great American Bash 1989 Samu
11%
WCW WrestleWar 1991 | WCW WrestleWar 1992 Larry Zbyszko
9%
WCW Fall Brawl: War Games 1994 Robert Parker
8%
WCW Fall Brawl: War Games 1993 The Shockmaster
8%
WCW Fall Brawl: War Games 1994 Bunkhouse Buck
7%
NWA Great American Bash 1987 Night 3 War Machine
3%
No matching quizzes found
Score Distribution
Percent of People with Each Score
Percentile by Number Answered
Your Score History
You have not taken this quiz since the last reset